[Event "Tseshkovsky Mem 2014"]
[Site "Sochi RUS"]
[Date "2014.09.21"]
[Round "5.5"]
[White "Bryzgalin, Kirill"]
[Black "Bukavshin, Ivan"]
[Result "0-1"]
[WhiteTitle "GM"]
[BlackTitle "GM"]
[WhiteElo "2448"]
[BlackElo "2613"]
[WhiteFideId "4133285"]
[BlackFideId "4199758"]
[EventDate "2014.09.17"]

1. c4 e6 2. d4 d5 3. Nc3 c6 4. cxd5 exd5 5. Nf3 Bf5 6. Bg5 Qb6 7. Qd2 h6 8. Bh4
Nd7 9. e3 Ngf6 10. a3 Ne4 11. Qc1 Bd6 12. Be2 O-O 13. O-O a5 14. Nxe4 Bxe4 15.
Nd2 Bg6 16. Qc3 Rfe8 17. Rfe1 a4 18. Rac1 Qa5 19. Bg3 Bf8 20. Qxa5 Rxa5 21. Rc3
Bf5 22. Kf1 g6 23. Bc7 Ra7 24. g4 Be6 25. h3 Rc8 26. Bg3 Ra5 27. Rec1 Be7 28.
R3c2 f5 29. Kg2 Kf7 30. f3 Bg5 31. Kf2 Ke7 32. Bd3 Bf6 33. Ke2 Raa8 34. Bf2 Kf7
35. e4 fxe4 36. fxe4 Kg7 37. Re1 Rf8 38. e5 Be7 39. Be3 Rf7 40. Rf1 Rxf1 41.
Nxf1 Nb6 42. Ng3 Rf8 43. Rc1 Nc4 44. Bxc4 dxc4 45. Ne4 b5 46. Nf6 g5 47. h4 Kg6
48. hxg5 hxg5 49. Kd2 Rh8 50. Re1 b4 0-1

[Event "Tseshkovsky Mem 2014"]
[Site "Sochi RUS"]
[Date "2014.09.21"]
[Round "5.7"]
[White "Volkov, Sergey"]
[Black "Grishchenko, Sergey1"]
[Result "1-0"]
[WhiteTitle "GM"]
[BlackTitle "IM"]
[WhiteElo "2583"]
[BlackElo "2448"]
[WhiteFideId "4122763"]
[BlackFideId "4136730"]
[EventDate "2014.09.17"]

1. d4 d5 2. c4 Nc6 3. Nf3 Bg4 4. Nc3 e6 5. Bf4 Bxf3 6. gxf3 Nge7 7. e3 a6 8. Rc1
g6 9. cxd5 Nxd5 10. Nxd5 Qxd5 11. Bc4 Qa5+ 12. Ke2 Bg7 13. Qb3 O-O 14. Rhd1 Rab8
15. d5 1-0

[Event "Tseshkovsky Mem 2014"]
[Site "Sochi RUS"]
[Date "2014.09.21"]
[Round "5.8"]
[White "Simantsev, Mikhail"]
[Black "Korneev, Oleg"]
[Result "0-1"]
[WhiteTitle "GM"]
[BlackTitle "GM"]
[WhiteElo "2443"]
[BlackElo "2581"]
[WhiteFideId "14104555"]
[BlackFideId "4156803"]
[EventDate "2014.09.17"]

1. d4 d5 2. c4 e6 3. Nc3 Nf6 4. Nf3 c6 5. e3 Nbd7 6. Qc2 Bd6 7. b3 O-O 8. Be2 b6
9. O-O Bb7 10. Bb2 Qe7 11. Rad1 Rad8 12. Rfe1 c5 13. cxd5 exd5 14. Bf1 Rfe8 15.
g3 a6 16. Bg2 b5 17. Nh4 Qe6 18. Nf5 Bf8 19. dxc5 Nxc5 20. Ne2 Nce4 21. Ned4 Qb6
22. f3 Rc8 23. Qd3 Nc5 24. Qd2 g6 25. Nh4 b4 26. Bf1 a5 27. Ng2 Ba6 28. Nf4 Bxf1
29. Rxf1 a4 30. Nd3 Nxd3 31. Qxd3 a3 32. Ba1 Bh6 33. Rfe1 Nd7 34. Kg2 Bg7 35.
Qd2 Rc5 36. Re2 Rec8 37. Rde1 h5 38. Rd1 Ne5 39. Qe1 Nc6 40. Red2 Nxd4 41. Bxd4
Bxd4 42. Rxd4 Rc2+ 43. R1d2 R8c5 44. Rxd5 Rxa2 45. e4 Rcc2 0-1

[Event "Tseshkovsky Mem 2014"]
[Site "Sochi RUS"]
[Date "2014.09.21"]
[Round "5.9"]
[White "Gorbatov, Alexej"]
[Black "Brodsky, Michail"]
[Result "1/2-1/2"]
[WhiteTitle "IM"]
[BlackTitle "GM"]
[WhiteElo "2355"]
[BlackElo "2566"]
[WhiteFideId "4111834"]
[BlackFideId "14100932"]
[EventDate "2014.09.17"]

1. e4 c5 2. Nf3 d6 3. Bb5+ Bd7 4. Bxd7+ Qxd7 5. O-O Nf6 6. Qe2 Nc6 7. c3 e6 8.
d4 cxd4 9. cxd4 d5 10. e5 Ne4 11. Nbd2 1/2-1/2

[Event "Tseshkovsky Mem 2014"]
[Site "Sochi RUS"]
[Date "2014.09.21"]
[Round "5.10"]
[White "Mozharov, Mikhail"]
[Black "Vastrukhin, Oleg"]
[Result "1/2-1/2"]
[WhiteTitle "GM"]
[WhiteElo "2555"]
[BlackElo "2383"]
[WhiteFideId "4189825"]
[BlackFideId "4192770"]
[EventDate "2014.09.17"]

1. Nf3 g6 2. c4 Bg7 3. d4 Nf6 4. g3 O-O 5. Bg2 c6 6. O-O d5 7. Qb3 Qb6 8. Nc3
Bf5 9. Ne5 Rd8 10. Be3 Nbd7 11. Nxd7 Rxd7 12. cxd5 Nxd5 13. Nxd5 cxd5 14. Qxb6
axb6 15. Rac1 e5 16. Rfd1 exd4 17. Bxd4 Bxd4 18. Rxd4 Rxa2 19. Rb4 Rc7 20. Re1
Rc2 21. Bxd5 Raxb2 22. Rxb2 Rxb2 23. Kg2 b5 1/2-1/2

[Event "Tseshkovsky Mem 2014"]
[Site "Sochi RUS"]
[Date "2014.09.21"]
[Round "5.11"]
[White "Panarin, Mikhail"]
[Black "Ivanov, Mikhail M"]
[Result "1/2-1/2"]
[WhiteTitle "GM"]
[BlackTitle "GM"]
[WhiteElo "2555"]
[BlackElo "2366"]
[WhiteFideId "4153251"]
[BlackFideId "4114906"]
[EventDate "2014.09.17"]

1. e4 e5 2. Nf3 Nc6 3. Bb5 a6 4. Ba4 d6 5. O-O Bd7 6. d4 b5 7. Bb3 Nxd4 8. Nxd4
exd4 9. c3 dxc3 10. Qh5 Qe7 11. Nxc3 Nf6 12. Qh4 b4 1/2-1/2

[Event "Tseshkovsky Mem 2014"]
[Site "Sochi RUS"]
[Date "2014.09.21"]
[Round "5.12"]
[White "Ehlvest, Jaan"]
[Black "Tunik, Gennady"]
[Result "1/2-1/2"]
[WhiteTitle "GM"]
[BlackTitle "GM"]
[WhiteElo "2553"]
[BlackElo "2415"]
[WhiteFideId "4500016"]
[BlackFideId "4101219"]
[EventDate "2014.09.17"]

1. e4 c5 2. Nf3 e6 3. d4 cxd4 4. Nxd4 Nc6 5. Nc3 a6 6. g3 Qc7 7. Bg2 h5 8. h3
Nf6 9. O-O Bc5 10. Nxc6 dxc6 11. Qd3 e5 12. Be3 Bxe3 13. Qxe3 Be6 14. Rad1 O-O
15. Rd2 Rfd8 16. Rfd1 Rxd2 17. Qxd2 Re8 18. b3 1/2-1/2

[Event "Tseshkovsky Mem 2014"]
[Site "Sochi RUS"]
[Date "2014.09.21"]
[Round "5.13"]
[White "Rozhko, Dmitry"]
[Black "Rozum, Ivan"]
[Result "1-0"]
[WhiteTitle "FM"]
[BlackTitle "GM"]
[WhiteElo "2337"]
[BlackElo "2552"]
[WhiteFideId "4150430"]
[BlackFideId "24104272"]
[EventDate "2014.09.17"]

1. d4 Nf6 2. Nf3 e6 3. Bg5 h6 4. Bh4 d6 5. Nbd2 g5 6. Bg3 Nh5 7. e3 Bg7 8. c3
Qe7 9. a4 Nd7 10. Nc4 Nxg3 11. hxg3 b6 12. Bd3 a6 13. e4 Bb7 14. Ne3 h5 15. Qe2
g4 16. Nd2 Qg5 17. Kd1 Nf6 18. Kc2 Ke7 19. f4 gxf3 20. gxf3 Bh6 21. Ndf1 Qg7 22.
d5 Bxe3 23. Nxe3 Qxg3 24. Rag1 Qf4 25. dxe6 fxe6 26. Rg7+ Kd8 27. Rhg1 Bc6 28.
b3 Rf8 29. Nc4 e5 30. Nd2 b5 31. a5 Bd7 32. c4 h4 33. Qf2 h3 34. c5 d5 35. c6
Be6 36. Qc5 Re8 37. Rxc7 Rc8 38. Qd6+ Bd7 39. Rxd7+ 1-0

[Event "Tseshkovsky Mem 2014"]
[Site "Sochi RUS"]
[Date "2014.09.21"]
[Round "5.14"]
[White "Lugovskoy, Maxim"]
[Black "Shaposhnikov, Evgeny"]
[Result "1/2-1/2"]
[WhiteTitle "IM"]
[BlackTitle "GM"]
[WhiteElo "2390"]
[BlackElo "2536"]
[WhiteFideId "24126454"]
[BlackFideId "4122232"]
[EventDate "2014.09.17"]

1. e4 c5 2. Nf3 e6 3. d4 cxd4 4. Nxd4 a6 5. c4 Nf6 6. Nc3 Bb4 7. Qd3 d6 8. Nc2
Bc5 9. b4 Bb6 10. Be2 Nc6 11. Be3 Bxe3 12. Qxe3 O-O 13. O-O Qc7 14. Rfd1 Rd8 15.
Rac1 Bd7 16. a3 Be8 17. Nd4 Nxd4 18. Rxd4 Rac8 19. Rcd1 e5 20. R4d2 b5 21. g4 h6
22. h4 Nh7 23. Nd5 Qb7 24. c5 Rc6 25. g5 Kf8 26. gxh6 g6 27. Nb6 Qe7 28. Qg3 Nf6
29. Nd5 Nxd5 30. Rxd5 Kg8 31. Qg5 f6 32. Qd2 Bf7 33. Rxd6 Rdxd6 34. cxd6 Qd7 35.
Qd3 Kh7 36. Kh2 Kxh6 37. a4 bxa4 38. b5 axb5 39. Qxb5 Be6 40. Qb4 Rc2 41. Rd2
Rxd2 42. Qxd2+ Kg7 43. Qb4 Qa7 44. Kg2 a3 45. d7 Qxd7 46. Qxa3 Bf7 1/2-1/2

[Event "Tseshkovsky Mem 2014"]
[Site "Sochi RUS"]
[Date "2014.09.21"]
[Round "5.15"]
[White "Bukanov, Sergei"]
[Black "Stupak, Kirill"]
[Result "0-1"]
[BlackTitle "GM"]
[WhiteElo "2317"]
[BlackElo "2524"]
[WhiteFideId "4117140"]
[BlackFideId "13503758"]
[EventDate "2014.09.17"]

1. b3 Nf6 2. Bb2 g6 3. Bxf6 exf6 4. c4 f5 5. Nc3 Bg7 6. g3 O-O 7. Bg2 d6 8. e3
Re8 9. Nge2 Nd7 10. Qc2 c6 11. O-O Qe7 12. Rac1 Nf6 13. Rfd1 h5 14. b4 a6 15. a4
Bd7 16. b5 Ne4 17. Rb1 axb5 18. axb5 h4 19. Nxe4 fxe4 20. Nc3 Bg4 21. Re1 Bf5
22. bxc6 bxc6 23. Rb6 Rac8 24. Qb3 Bf6 25. Ne2 Qa7 26. Rb1 Qa5 27. Nc3 Kg7 28.
Qb4 Qxb4 29. R1xb4 d5 30. gxh4 d4 31. Ne2 c5 32. Rb1 Bxh4 33. Ng3 Bxg3 34. hxg3
Ra8 35. R6b5 Ra2 36. Rxc5 Rxd2 37. Rd5 d3 38. Rd4 Rc2 39. g4 Bxg4 40. Bxe4 Rxe4 0-1

[Event "Tseshkovsky Mem 2014"]
[Site "Sochi RUS"]
[Date "2014.09.21"]
[Round "5.16"]
[White "Papin, Vasily"]
[Black "Nakhbayeva, Guliskhan"]
[Result "1-0"]
[WhiteTitle "GM"]
[BlackTitle "WGM"]
[WhiteElo "2502"]
[BlackElo "2331"]
[WhiteFideId "4143183"]
[BlackFideId "13704788"]
[EventDate "2014.09.17"]

1. c4 e5 2. e3 Nf6 3. a3 Be7 4. Nc3 O-O 5. Nf3 Nc6 6. Qc2 Re8 7. Be2 Bf8 8. O-O
h6 9. d3 d5 10. cxd5 Nxd5 11. b4 a6 12. Bb2 Nxc3 13. Bxc3 Qd6 14. Nd2 Qg6 15.
Ne4 Na7 16. Qb2 Bd6 17. a4 Bd7 18. Nxd6 cxd6 19. Rfd1 b5 20. axb5 Bxb5 21. d4
exd4 22. Bxd4 Bxe2 23. Qxe2 Nb5 24. h3 Qe4 25. Qb2 Re6 26. f3 Qg6 27. e4 Nxd4
28. Qxd4 Qf6 29. Ra5 Qe7 30. b5 Qb7 31. Rda1 Re5 32. bxa6 Qc7 33. Rd5 Rxd5 34.
exd5 Ra7 35. Ra4 Qe7 36. Kf2 Qd7 37. Ra2 Kf8 38. Qb6 Kg8 39. Rc2 Qe7 40. Rc8+
Kh7 41. Qb1+ g6 42. Qb2 Qe5 43. Qxe5 dxe5 44. Rc6 Rd7 45. Rc5 Ra7 46. Ra5 Kg7
47. Ke3 f5 48. Kd3 Kf6 49. Kc4 e4 50. fxe4 fxe4 51. Kc5 e3 52. Kb6 e2 53. Ra1
Re7 54. a7 Re8 55. Re1 1-0

[Event "Tseshkovsky Mem 2014"]
[Site "Sochi RUS"]
[Date "2014.09.21"]
[Round "5.17"]
[White "Kotsur, Pavel"]
[Black "Tekeyev, Zaur"]
[Result "1-0"]
[WhiteTitle "GM"]
[BlackTitle "FM"]
[WhiteElo "2570"]
[BlackElo "2300"]
[WhiteFideId "13700278"]
[BlackFideId "4199731"]
[EventDate "2014.09.17"]

1. d4 Nf6 2. c4 g6 3. Nc3 Bg7 4. e4 O-O 5. Nf3 d6 6. Be2 e5 7. O-O Na6 8. Be3 c6
9. d5 Ng4 10. Bg5 f6 11. Bh4 g5 12. Bg3 Nh6 13. Nd2 c5 14. a3 Bd7 15. Rb1 Qe7
16. h3 Be8 17. Bh5 Bg6 18. Bh2 f5 19. exf5 Bxh5 20. Qxh5 Rxf5 21. g4 Rf6 22.
Qxg5 Qf8 23. Qe3 Re8 24. Nce4 Rg6 25. Bg3 Nf7 26. Nf3 b5 27. b3 Rb8 28. Nh4 Rh6
29. Kg2 Kh8 30. Qe2 Qd8 31. Nf5 Rg6 32. h4 Bf8 33. g5 bxc4 34. bxc4 Qc8 35. Qf3
h6 36. Ne3 Qd7 37. Rxb8 Nxb8 38. Rb1 Na6 39. h5 Rxg5 40. Nxg5 hxg5 41. Qf6+ Kh7
42. Qe6 Qxe6 43. dxe6 Nd8 44. Nf5 Nxe6 45. Rb7+ Nac7 46. Rxa7 1-0

[Event "Tseshkovsky Mem 2014"]
[Site "Sochi RUS"]
[Date "2014.09.21"]
[Round "5.18"]
[White "Dimitrijevic, Aleksandra"]
[Black "Malaniuk, Vladimir P"]
[Result "1-0"]
[WhiteTitle "WGM"]
[BlackTitle "GM"]
[WhiteElo "2281"]
[BlackElo "2523"]
[WhiteFideId "929239"]
[BlackFideId "14100177"]
[EventDate "2014.09.17"]

1. e4 e5 2. Nf3 Nc6 3. Be2 Nf6 4. d3 d5 5. Nbd2 Bc5 6. c3 a5 7. a4 O-O 8. O-O
Re8 9. h3 h6 10. Re1 Be6 11. Qc2 Nd7 12. exd5 Bxd5 13. Bf1 Bf8 14. b3 Nc5 15.
Bb2 Qd7 16. Rad1 f6 17. Nh4 Qf7 18. d4 exd4 19. cxd4 Nb4 20. Qc3 Ne4 21. Nxe4
Bxe4 22. d5 Bxd5 23. Nf5 c6 24. Qg3 Kh7 25. Nd6 Bxd6 26. Qxd6 Bxb3 27. Rc1 Rad8
28. Qc5 Nd3 29. Bxd3+ Rxd3 30. Qf5+ 1-0

[Event "Tseshkovsky Mem 2014"]
[Site "Sochi RUS"]
[Date "2014.09.21"]
[Round "5.19"]
[White "Gubernatorov, Sergey"]
[Black "Dmitrenko, Viktor"]
[Result "1/2-1/2"]
[WhiteTitle "FM"]
[BlackTitle "IM"]
[WhiteElo "2283"]
[BlackElo "2357"]
[WhiteFideId "4148215"]
[BlackFideId "14110270"]
[EventDate "2014.09.17"]

1. c4 e5 2. g3 Nf6 3. Bg2 d5 4. cxd5 Nxd5 5. Nf3 Nc6 6. O-O Nb6 7. Nc3 Be7 8. a3
Be6 9. d3 a5 10. Be3 O-O 11. Na4 Nd5 12. Bc5 b6 13. Bxe7 Ndxe7 1/2-1/2

[Event "Tseshkovsky Mem 2014"]
[Site "Sochi RUS"]
[Date "2014.09.21"]
[Round "5.20"]
[White "Smirnov, Timofey"]
[Black "Yandarbiev, Ruslan"]
[Result "1-0"]
[BlackTitle "IM"]
[WhiteElo "2269"]
[BlackElo "2355"]
[WhiteFideId "24176427"]
[BlackFideId "4115023"]
[EventDate "2014.09.17"]

1. e4 c5 2. Nf3 d6 3. d4 Nf6 4. Nc3 cxd4 5. Nxd4 a6 6. Be2 e5 7. Nb3 Be7 8. g4
h6 9. Be3 Nc6 10. Rg1 Be6 11. Qd2 d5 12. exd5 Nxd5 13. Nxd5 Qxd5 14. Qxd5 Bxd5
15. O-O-O O-O-O 16. Bb6 Rd6 17. Bc5 Rd7 18. Bxe7 Nxe7 19. Rg3 Rc7 20. Nd2 Ng6
21. Re3 f6 22. Bf3 Bxf3 23. Nxf3 Rc4 24. h3 Rd8 25. b3 Rc6 26. c4 Nf4 27. Nh4 g6
28. Rxd8+ Kxd8 29. Nf3 a5 30. h4 g5 31. hxg5 hxg5 32. Kc2 Kd7 33. Nd2 Rc8 34.
Re1 Rh8 35. Ne4 Ke7 36. Rb1 Rh4 37. b4 a4 38. Rg1 Ne2 39. Rg2 Rh3 40. Kd2 Nd4
41. Ng3 Ke6 42. b5 b6 43. Kc3 Rh4 44. Ne4 Rh1 45. Kb4 Rc1 46. Rh2 Rc2 47. Rh6
Rxa2 48. Rxf6+ Ke7 49. Rxb6 a3 50. Ra6 Re2 51. Ra7+ Kd8 52. Nc3 Nc2+ 53. Kc5
Rxf2 54. b6 Kc8 55. Nd5 Rf3 56. Ne7+ Kd8 57. Nc6+ Ke8 58. b7 1-0

[Event "Tseshkovsky Mem 2014"]
[Site "Sochi RUS"]
[Date "2014.09.21"]
[Round "5.21"]
[White "Zakarian, David"]
[Black "Dashko, Andrey"]
[Result "1-0"]
[WhiteTitle "FM"]
[WhiteElo "2400"]
[BlackElo "2302"]
[WhiteFideId "13301276"]
[BlackFideId "4131371"]
[EventDate "2014.09.17"]

1. d4 Nf6 2. c4 e6 3. Nf3 d5 4. Nc3 c6 5. g3 dxc4 6. a4 Bb4 7. Bg2 Nd5 8. Qc2
Qa5 9. Bd2 Nd7 10. O-O Nxc3 11. Bxc3 Bxc3 12. Qxc3 Qxc3 13. bxc3 a5 14. Nd2 Nb6
15. Rfb1 Ra6 16. Ne4 Nd5 17. Nd6+ Ke7 18. Nxc8+ Rxc8 19. Bxd5 cxd5 20. Rxb7+ Kf6
21. Rab1 Rcc6 22. f4 h5 23. Kf2 Kg6 24. Kf3 Kf6 25. h3 g6 26. Rb8 Ra7 27. R1b5
Rcc7 28. g4 hxg4+ 29. hxg4 Ke7 30. Kg3 Rd7 31. R5b6 Rac7 32. e3 Ra7 33. Kf3 Rd8
34. Rxd8 Kxd8 35. f5 gxf5 36. gxf5 Ke7 37. Kf4 Kf6 38. e4 dxe4 39. Kxe4 Ra8 40.
fxe6 1-0

[Event "Tseshkovsky Mem 2014"]
[Site "Sochi RUS"]
[Date "2014.09.21"]
[Round "5.22"]
[White "Nedochetov, Mikhail"]
[Black "Zakharov, Alexander"]
[Result "1/2-1/2"]
[WhiteTitle "IM"]
[BlackTitle "IM"]
[WhiteElo "2261"]
[BlackElo "2352"]
[WhiteFideId "4119673"]
[BlackFideId "4103564"]
[EventDate "2014.09.17"]

1. Nf3 c5 2. c4 Nf6 3. Nc3 e6 4. g3 b6 5. Bg2 Bb7 6. O-O Be7 7. d4 cxd4 8. Qxd4
Nc6 9. Qf4 d6 10. Rd1 O-O 11. b3 a6 12. Ba3 e5 13. Qd2 b5 14. Bxd6 Bxd6 15. Qxd6
bxc4 16. Qxd8 Raxd8 17. bxc4 Ba8 18. Nd5 Nd7 19. Nc7 Bb7 20. Rab1 Na5 21. Nd5
Rfe8 22. Nd2 Bc8 23. e3 Nc5 24. Nb3 Naxb3 25. axb3 a5 26. b4 axb4 27. Rxb4 Ba6
28. Ra1 Rb8 29. Ra5 Rbc8 30. Bh3 Rc6 31. Rb6 Rxb6 32. Nxb6 Rb8 33. Rxc5 Rxb6 34.
Bc8 f6 35. Bxa6 Rxa6 36. Rc7 h5 37. e4 Ra1+ 38. Kg2 Re1 39. Kf3 g5 40. h3 Rc1
41. c5 Rc3+ 42. Ke2 h4 43. gxh4 gxh4 44. Kd2 Rc4 45. Kd3 Rc1 46. Ke3 Rc3+ 47.
Kd2 Rc4 48. f3 Kf8 49. c6 Kg8 50. Ke2 Rc3 51. Kd2 Rc4 52. Kd3 Rc1 1/2-1/2

[Event "Tseshkovsky Mem 2014"]
[Site "Sochi RUS"]
[Date "2014.09.21"]
[Round "5.23"]
[White "Nechaev, Oleg"]
[Black "Bykova, Anastasia"]
[Result "1-0"]
[BlackTitle "WFM"]
[WhiteElo "2329"]
[BlackElo "2112"]
[WhiteFideId "24113409"]
[BlackFideId "4164970"]
[EventDate "2014.09.17"]

1. d4 d5 2. c4 c6 3. Nf3 Nf6 4. Nc3 dxc4 5. a4 Bf5 6. e3 e6 7. Bxc4 Bb4 8. O-O
Nbd7 9. Nh4 Bg6 10. Nxg6 hxg6 11. e4 O-O 12. Qe2 e5 13. d5 a5 14. Bg5 Qe7 15.
Rac1 Rfd8 16. Kh1 Nb6 17. dxc6 bxc6 18. Bb3 Nbd7 19. Bc4 Nc5 20. f4 Ne6 21. Bxe6
Qxe6 22. f5 gxf5 23. exf5 Qd6 24. Bxf6 Qxf6 25. Ne4 Qh6 26. f6 Rac8 27. fxg7
Kxg7 28. Ng3 Qg5 29. Nf5+ Kg8 30. Rc4 Rd2 31. Qf3 Qf6 32. Nh6+ Qxh6 33. Qg4+ Kh8
34. Qxc8+ Bf8 35. Rh4 1-0

[Event "Tseshkovsky Mem 2014"]
[Site "Sochi RUS"]
[Date "2014.09.21"]
[Round "5.24"]
[White "Shandrygin, Nikita"]
[Black "Rjabzev, Konstantin"]
[Result "1/2-1/2"]
[BlackTitle "IM"]
[WhiteElo "2124"]
[BlackElo "2306"]
[WhiteFideId "24198668"]
[BlackFideId "4150015"]
[EventDate "2014.09.17"]

1. e4 e5 2. Nf3 d6 3. d4 exd4 4. Nxd4 Nf6 5. Nc3 Be7 6. Bc4 O-O 7. O-O c6 8. a4
Nxe4 9. Nxe4 d5 10. Qe2 dxc4 11. Rd1 Qc7 12. g3 Bd7 13. Bf4 Qc8 14. Qxc4 b5 15.
axb5 cxb5 16. Qxc8 Rxc8 17. Bd6 f5 18. Bxe7 fxe4 19. Bd6 a6 20. Bxb8 Rcxb8 21.
Re1 Re8 22. Re3 a5 23. Rae1 a4 24. Rxe4 Rxe4 25. Rxe4 b4 26. Re7 Bh3 27. Re1 a3
28. bxa3 bxa3 29. f3 a2 30. Ra1 Ra4 31. c3 Bd7 32. Kf2 Be8 33. f4 Bg6 34. f5 Bf7
35. Ke3 Bc4 36. Kd2 Kf7 37. Kc2 Ra8 38. Nb3 Kf6 39. Nd2 Bf7 40. g4 Ra4 41. h3 h5
42. gxh5 Kxf5 43. Rf1+ Ke5 44. Kb2 Bxh5 45. Nb3 g5 46. Ra1 Bf7 47. Rxa2 Rxa2+
48. Kxa2 Be6 49. Kb2 Bxh3 50. Kc2 Be6 51. Nd4 Bc4 1/2-1/2

[Event "Tseshkovsky Mem 2014"]
[Site "Sochi RUS"]
[Date "2014.09.21"]
[Round "5.25"]
[White "Strutinskaia, Galina"]
[Black "Martynyuk, Elizaveta"]
[Result "1-0"]
[WhiteTitle "WGM"]
[WhiteElo "2317"]
[BlackElo "2083"]
[WhiteFideId "4108558"]
[BlackFideId "24128511"]
[EventDate "2014.09.17"]

1. c4 c6 2. Nf3 Nf6 3. e3 d5 4. b3 Bf5 5. Nh4 Bg4 6. Qc2 e5 7. h3 Be6 8. Nf3
Nbd7 9. Ng5 Be7 10. Bb2 O-O 11. Be2 h6 12. Nxe6 fxe6 13. d3 e4 14. Nd2 exd3 15.
Bxd3 Nc5 16. Bg6 Nfe4 17. Nxe4 dxe4 18. O-O Qd3 19. Qxd3 exd3 20. Rad1 Rad8 21.
Bd4 Bd6 22. b4 Nd7 23. c5 Be5 24. Rxd3 Bxd4 25. Rxd4 Ne5 26. Bc2 Rxd4 27. exd4
Nf7 28. Bb3 Rd8 29. Rd1 Kf8 30. Bxe6 Re8 31. d5 Nd8 32. Bg4 Re4 33. a3 cxd5 34.
Bf3 Re7 35. Rxd5 Nc6 36. b5 Na5 37. c6 Rc7 38. cxb7 Nxb7 39. a4 Ke7 40. Rd4 Nd6
41. Bc6 Nb7 42. g4 Na5 43. Bf3 Rc4 44. Re4+ Rxe4 45. Bxe4 Kd6 46. h4 Kc5 47. Kg2
Nc4 48. h5 Kd4 49. Bc6 Nd6 50. Bd7 1-0

[Event "Tseshkovsky Mem 2014"]
[Site "Sochi RUS"]
[Date "2014.09.21"]
[Round "5.26"]
[White "Bykov, Egor"]
[Black "Pushkov, Nikolai"]
[Result "1/2-1/2"]
[BlackTitle "GM"]
[WhiteElo "2050"]
[BlackElo "2315"]
[WhiteFideId "34115290"]
[BlackFideId "4117131"]
[EventDate "2014.09.17"]

1. d4 Nf6 2. Nf3 e6 3. Bf4 b6 4. e3 Bb7 5. h3 c5 6. c3 Be7 7. Nbd2 O-O 8. Bd3
Nc6 9. O-O d6 10. Bh2 Rc8 11. Qb1 g6 12. a4 d5 13. Ne5 Nxe5 14. Bxe5 Bd6 15.
Bxd6 Qxd6 16. f4 a6 17. Qe1 c4 18. Bc2 Ne4 19. Bxe4 dxe4 20. g4 f5 21. Qg3 Rf7
22. g5 b5 23. axb5 axb5 24. Ra5 Qb6 25. Rfa1 Bd5 26. Qe1 1/2-1/2

[Event "Tseshkovsky Mem 2014"]
[Site "Sochi RUS"]
[Date "2014.09.21"]
[Round "5.27"]
[White "Kudelya, Igor"]
[Black "Danielyan, Levon"]
[Result "0-1"]
[WhiteTitle "FM"]
[WhiteElo "2312"]
[BlackElo "2082"]
[WhiteFideId "4177339"]
[BlackFideId "24161497"]
[EventDate "2014.09.17"]

1. e4 c5 2. Ne2 Nc6 3. d4 cxd4 4. Nxd4 Nf6 5. Nc3 e5 6. Ndb5 d6 7. a4 a6 8. Na3
Be6 9. Bg5 Rc8 10. Bc4 Nd4 11. Bxf6 gxf6 12. Qd3 f5 13. Bxe6 fxe6 14. Ne2 Qa5+
15. c3 Nb3 16. Rd1 Nc5 17. Qf3 Nxe4 18. O-O Qxa4 19. Qh5+ Kd7 20. f4 Qa5 21.
fxe5 Qxe5 22. Nd4 Be7 23. Qe2 d5 24. Nf3 Bc5+ 25. Nd4 Bxa3 26. bxa3 Rxc3 27. Qh5
Nd6 28. Nf3 Qg7 29. Qh4 Rg8 30. g3 Ne4 31. Kh1 Rc4 32. Qh5 Kc8 33. Qh3 Rc2 34.
Kg1 Qc7 35. Nd4 Nxg3 0-1

[Event "Tseshkovsky Mem 2014"]
[Site "Sochi RUS"]
[Date "2014.09.21"]
[Round "5.28"]
[White "Maksimov, Dmitri"]
[Black "Mishuchkov, Nikolai M."]
[Result "1/2-1/2"]
[BlackTitle "IM"]
[WhiteElo "2044"]
[BlackElo "2311"]
[WhiteFideId "24162477"]
[BlackFideId "4102401"]
[EventDate "2014.09.17"]

1. e4 c5 2. c3 d6 3. d4 Nf6 4. dxc5 Nc6 5. Qc2 dxc5 6. Nf3 g6 7. Be3 b6 8. Bb5
Bb7 9. O-O a6 10. Be2 Bg7 11. h3 Qc7 12. Nbd2 O-O 13. a4 Na5 14. Rfb1 c4 15. b4
cxb3 16. Nxb3 Nxb3 17. Rxb3 Bc6 18. Bxb6 Bxe4 19. Qb2 Qc8 20. Bd4 1/2-1/2

[Event "Tseshkovsky Mem 2014"]
[Site "Sochi RUS"]
[Date "2014.09.21"]
[Round "5.29"]
[White "Kruchev, Boris"]
[Black "Popov, Evgeny"]
[Result "1/2-1/2"]
[WhiteTitle "FM"]
[WhiteElo "2310"]
[BlackElo "2059"]
[WhiteFideId "4179714"]
[BlackFideId "34109380"]
[EventDate "2014.09.17"]

1. e4 c5 2. Nf3 Nc6 3. d4 cxd4 4. Nxd4 Nf6 5. Nc3 e5 6. Ndb5 d6 7. Bg5 a6 8. Na3
b5 9. Bxf6 gxf6 10. Nd5 f5 11. g3 fxe4 12. Bg2 Bf5 13. O-O Bg7 14. f3 e3 15.
Nxe3 Qb6 16. Re1 O-O 17. Kh1 Be6 18. c3 Rad8 19. f4 d5 20. f5 d4 21. Qf3 dxe3
22. fxe6 Ne7 23. Rxe3 Qxe6 24. Re2 f5 25. Nc2 Rd6 26. a4 bxa4 27. Rxa4 Rfd8 28.
Ra1 e4 29. Qf1 Qb3 30. Ne3 Qb5 1/2-1/2

[Event "Tseshkovsky Mem 2014"]
[Site "Sochi RUS"]
[Date "2014.09.21"]
[Round "5.30"]
[White "Abrekov, Mussa"]
[Black "Protopopova, Anastasiya"]
[Result "1-0"]
[WhiteElo "2237"]
[BlackElo "2049"]
[WhiteFideId "34134740"]
[BlackFideId "24172073"]
[EventDate "2014.09.17"]

1. d4 Nf6 2. Nf3 e6 3. c4 b6 4. a3 c5 5. d5 exd5 6. cxd5 g6 7. Nc3 Bg7 8. e4 O-O
9. Be2 Re8 10. Nd2 d6 11. O-O Na6 12. Bb5 Re7 13. f4 Nc7 14. Bc6 Rb8 15. Qf3 b5
16. e5 dxe5 17. Nde4 Nce8 18. fxe5 Nxe4 19. Bxe8 Qxe8 20. Nxe4 Bxe5 21. Nf6+
Bxf6 22. Qxf6 Rb6 23. Qc3 Re5 24. Bh6 b4 25. axb4 cxb4 26. Qd4 f6 27. Rxa7 Rd6
28. Qxb4 Rexd5 29. Rg7+ Kh8 30. Rc7 Bd7 31. Rcc1 Re6 32. Rce1 Rxe1 33. Rxe1 Re5
34. Rxe5 fxe5 35. Qd6 Kg8 36. Qf6 Qf7 37. Qxe5 Bc6 38. h3 Qa7+ 39. Kh2 Qf7 40.
b4 Qd7 41. Qf6 Qc7+ 42. g3 1-0